MARC details
| 000 -LEADER |
| campo de control de longitud fija |
01649nam a22003255i 4500 |
| 001 - NÚMERO DE CONTROL |
| campo de control |
165843 |
| 003 - IDENTIFICADOR DE NÚMERO DE CONTROL |
| campo de control |
ES-MaACL |
| 005 - FECHA Y HORA DE LA ÚLTIMA TRANSACCIÓN |
| campo de control |
20251012201854.0 |
| 008 - DATOS DE LONGITUD FIJA--INFORMACIÓN GENERAL |
| campo de control de longitud fija |
981127s1889 sp |||| | spa d |
| 100 1# - ENTRADA PRINCIPAL--NOMBRE DE PERSONA |
| Nombre de persona |
Suárez, Diego, |
| Fechas asociadas al nombre |
1552-ca. 1617 |
| 9 (RLIN) |
132976 |
| 245 10 - MENCIÓN DEL TÍTULO |
| Título |
Historia del maestre último que fue de Montesa y de su hermano Don Felipe de Borja |
| Resto del título |
: la manera como gobernaron las memorables plazas de Orán y Marzaelquivir, reinos de Tremecén y Ténez en África, siendo allí capitanes generales, uno en pos del otro, como aquí se narra. |
| Número de parte o sección de la obra |
I / |
| Mención de responsabilidad, etc. |
compuesta por Diego Suárez ; [prólogo de F. Guillén Robles]. |
| 260 ## - PUBLICACIÓN, DISTRIBUCIÓN, ETC. |
| Lugar de publicación, distribución, etc. |
Madrid : |
| Nombre del editor, distribuidor, etc. |
Sociedad de Bibliófilos Españoles, |
| Fecha de publicación, distribución, etc. |
1889 ( |
| Fabricante |
Imp. y Fundición de M. Tello) |
| 300 ## - DESCRIPCIÓN FÍSICA |
| Extensión |
LII, 364 p. ; |
| Dimensiones |
24 cm. |
| 490 1# - MENCIÓN DE SERIE |
| Mención de serie |
Sociedad de Bibliófilos Españoles ; |
| Designación de volumen o secuencia |
27 |
| 500 ## - NOTA GENERAL |
| Nota general |
No se publicó más. |
| 510 4# - NOTA DE CITAS O REFERENCIAS BIBLIOGRÁFICAS |
| Nombre de la fuente |
Palau, |
| Localización dentro de la fuente |
323359 |
| 530 ## - NOTA DISPONIBLE DE FORMULARIO FÍSICO ADICIONAL |
| Nota de formato físico adicional disponible |
Disponible en formato digital. |
| 597 ## - NOTA DE DESCRIPCIÓN FÍSICA |
| NOTA DE DESCRIPCIÓN FÍSICA |
Antep. |
| 597 ## - NOTA DE DESCRIPCIÓN FÍSICA |
| NOTA DE DESCRIPCIÓN FÍSICA |
Port a dos tintas con esc. |
| 600 17 - PUNTO DE ACCESO ADICIONAL DE MATERIA--NOMBRE DE PERSONA |
| Nombre de persona |
Galcerán de Borja, Pedro Luis, |
| Fechas asociadas al nombre |
1528-1592 |
| Fuente del encabezamiento o término |
|
| 9 (RLIN) |
152335 |
| 600 17 - PUNTO DE ACCESO ADICIONAL DE MATERIA--NOMBRE DE PERSONA |
| Nombre de persona |
Galcerán de Borja, Felipe Manuel, |
| Fechas asociadas al nombre |
s. XVI |
| Fuente del encabezamiento o término |
|
| 9 (RLIN) |
152336 |
| 651 #4 - PUNTO DE ACCESO ADICIONAL DE MATERIA--NOMBRE GEOGRÁFICO |
| Nombre geográfico |
Mers el-Kebir- |
| Subdivisión general |
Historia. |
| 9 (RLIN) |
152337 |
| 651 #4 - PUNTO DE ACCESO ADICIONAL DE MATERIA--NOMBRE GEOGRÁFICO |
| Nombre geográfico |
Orán- |
| Subdivisión general |
Historia- |
| Subdivisión cronológica |
1509-1708, Dominación española. |
| 9 (RLIN) |
171481 |
| 700 1# - ENTRADA AGREGADA--NOMBRE PERSONAL |
| Nombre de persona |
Guillén Robles, F. |
| 9 (RLIN) |
127626 |
| 710 2# - ENTRADA AGREGADA--NOMBRE DE ENTIDAD CORPORATIVA |
| Nombre de entidad corporativa o nombre de jurisdicción como elemento de entrada |
Sociedad de Bibliófilos Españoles. |
| 9 (RLIN) |
6661 |
| 830 10 - PUNTO DE ACCESO ADICIONAL DE SERIE-TÍTULO UNIFORME |
| Título uniforme |
Sociedad de Bibliófilos Españoles |
| Designación de volumen o secuencia |
27 |
| 9 (RLIN) |
187662 |
| 852 4# - LOCALIZACIÓN |
| Ubicación |
ES-MaACL |
| Número de control de estantería |
J-7(26) |
| Nota libre |
- Enc. hol. |
| 856 4# - LOCALIZACIÓN Y ACCESO ELECTRÓNICOS |
| Identificador Uniforme de Recursos |
<a href="http://bibliotecavirtual.asturias.es/i18n/consulta/registro.cmd?id=3257">http://bibliotecavirtual.asturias.es/i18n/consulta/registro.cmd?id=3257</a> |
| Nota pública |
Biblioteca Virtual del Principado de Asturias |